• 首页
  • 本馆介绍
  • 公告通知
  • 最新文献
  • 馆藏检索
  • 电子资源
  • 读者导购
  • 参考咨询
  • 我的图书馆
  • 登录
  • 详细信息显示
  • 放入我的书架
  • 预约/预借图书
  • 作者相关作品
  • 分类相关作品
  • 丛书相关作品
  • 出版社相关作品

书目信息

  • 表格格式
  • 工作单格式
  • 卡片格式
题名:
1933-1973美国史
    
 
作者: 贝茨 , Bedts 著 ;南京大学历史系英美对外关系研究室 译
分册: 上卷  
出版信息: 北京   人民出版社  1984
页数: 458页
开本: 21cm
丛书名:
单 册:
中图分类: K712.5 , K712.0
科图分类:
主题词: 现代史-美国--1933~1973 , 北美洲--历史
电子资源:
ISBN:
000 00938nam0 2200301 45
001 0184012302
005 20040510154437.3
010    @dCNY2.45
091    @a11001.557
100    @a19950504d1984 em y0chiy0121 ea
101 1  @achi@ceng
102    @aCN@b110000
105    @ay z 000yy
106    @ar
200 10 @a1933-1973美国史@h上卷@A1933-1973 mei guo shi@f(美)贝茨(Bedts,R.F.de)著@g南京大学历史系英美对外关系研究室译
210    @a北京@c人民出版社@d1984
215    @a458页@d21cm
606    @a现代史-美国@z1933~1973
606 0  @a北美洲@x历史
607    @a美国-现代史@z1933~1973
690    @aK712.5@v3
690    @aK712.0
701  1 @a贝茨@Abei ci@bR.F.@4著
701 A1 @aBedts@ABedts@bR.F.@4著
712 02 @a南京大学历史系英美对外关系研究室@Anan jing da xue li shi xi ying mei dui wai guan xi yan jiu shi@4译
801  0 @aCN@b上海图书馆@c20040510
801  2 @aCN@bNLC@c20040510
905    @f1@b110159@dK712.0@e6:1
    
    1933-1973美国史.上卷/(美)贝茨(Bedts,R.F.de)著/南京大学历史系英美对外关系研究室译.-北京:人民出版社,1984
    458页;21cm
    
    
    ISBN :CNY2.45
    
●
相关链接 在E读中查询图书 在五车中查询图书 在当当中查询图书 在豆瓣中查询图书


正题名:1933-1973美国史     索取号:K712.0/6:1         预约/预借

序号 登录号 条形码 馆藏地/架位号 状态 备注
1 0110158   001840271   密集书库/ [索取号:K712.0/6:1] 在馆    
2 0110159   001413349   第二借阅区/ [索取号:K712.0/6:1] 在馆    
3 0110161   001840191   密集书库/ [索取号:K712.0/6:1] 在馆    
4 0110162   001413303   第二样本阅览室/ [索取号:K712.0/6:1] 在馆    
唐山师范学院图书馆 欢迎您!
大连网信软件有限公司© 版权所有